Külkereskedelem <a> Magyar Kereskedelmi Kamara folyóirata
Enregistré dans:
| Format: | Publication en série |
|---|---|
| Langue: | hongrois |
| Publié: |
Budapest
Magyar Kereskedelmi Kamara
|
| Tags: |
Pas de tags, Soyez le premier à ajouter un tag!
|
MARC
| LEADER | 00000nas1a2200000$$$4500 | ||
|---|---|---|---|
| 001 | 0010813 | ||
| 005 | 20250730114820.0 | ||
| 022 | |a 0454-577X | ||
| 041 | 0 | |a hun | |
| 044 | |a HU | ||
| 245 | 1 | 0 | |a Külkereskedelem |b <a> Magyar Kereskedelmi Kamara folyóirata |
| 264 | 1 | |a Budapest |b Magyar Kereskedelmi Kamara | |
| 500 | |a SZP urobený podľa informácií ZDB Berlín | ||